| 000 | 02167cam a2200553 i 4500 | ||
|---|---|---|---|
| 001 | 22376 | ||
| 003 | KOSZ 005 | ||
| 005 | 20250804133527.0 | ||
| 008 | 250804s1975 pl a f 001 0 pol | ||
| 015 | _aUWD 1975/3283 | ||
| 035 | _a991020942739705066 | ||
| 035 | _a(PL-WaBN)b15672104-48omnis_nlop | ||
| 035 | _ab15672104 | ||
| 035 | _a(OCoLC)749877983 | ||
| 035 | _a(PL)b0000001567210 | ||
| 035 | _a(EXLNZ-48OMNIS_NETWORK)9910255383305606 | ||
| 040 |
_aWA N _cWA N _dKOSZ 005/RW |
||
| 046 | _k1950 | ||
| 080 | _a621.7 | ||
| 080 | _a(07) | ||
| 245 | 0 | 0 |
_aZasady konstrukcji przyrządów, uchwytów i sprawdzianów specjalnych / _cM. Mermon, M. Feld, M. Jüngst. |
| 250 | _aWydanie 4 uzupełnione i poprawione. | ||
| 260 |
_aWarszawa : _bWydawnictwa Naukowo-Techniczne, _c1975. |
||
| 300 |
_a599, [1] stron : _bilustracje, tabele, wykresy ; _c25 cm. |
||
| 336 |
_aTekst _btxt _2rdacontent |
||
| 337 |
_aBez urządzenia pośredniczącego _bn _2rdamedia |
||
| 338 |
_aWolumin _bnc _2rdacarrier |
||
| 380 | _aKsiążki | ||
| 380 | _aPublikacje dydaktyczne | ||
| 380 | _aPublikacje naukowe | ||
| 385 |
_mPoziom nauczania _aSzkoły wyższe |
||
| 388 | 1 | _a1901-2000 | |
| 388 | 1 | _a1945-1989 | |
| 500 | _aNa k. tyt. inicjał imienia i aut. mylnie: M. | ||
| 504 | _aBibliografia na stronie 587. Indeks. | ||
| 521 | 8 | _aKsiążka jest przeznaczona dla techników i inżynierów technologów o specjalności obróbki skrawaniem, mogą z niej również korzystać studenci wyższych szkół technicznych o kierunku technologicznym. | |
| 650 | 7 |
_aBudowa i konstrukcje _2DBN |
|
| 650 | 7 |
_aMaszyny i narzędzia przemysłowe _2DBN |
|
| 650 | 7 |
_aObróbka metali _2DBN |
|
| 655 | 7 | _aPodręcznik | |
| 658 | _aInżynieria i technika | ||
| 700 | 1 |
_aFeld, Mieczysław _d(1924-2012) _eAutor |
|
| 700 | 1 |
_aJüngst, Maciej _eAutor |
|
| 700 | 1 |
_aMermon, Włodzimierz _d(1900-1959) _eAutor |
|
| 710 | 2 |
_aWydawnictwa Naukowo-Techniczne _4pbl |
|
| 856 |
_uhttps://koha.tu.koszalin.pl/cgi-bin/koha/opac-detail.pl?biblionumber=22376 _yKatalog online BPK |
||
| 942 |
_2UKD _cKS |
||
| 999 |
_c22376 _d22376 |
||